|
|
|
|
| LEADER |
00000cam a2200000 7i4500 |
| 001 |
0000037101 |
| 005 |
20130815.0 |
| 008 |
130815 |
| 020 |
|
|
|a 9838808743
|
| 090 |
0 |
0 |
|a HIST
|b MAL
|
| 100 |
0 |
|
|a Kelsom Masri
|
| 245 |
1 |
0 |
|a Pahlawan Dol Said
|c oleh: Kelsom Masri
|
| 260 |
|
|
|a Selangor :
|b Eddiplex Sdn. Bhd ,
|c 2013
|
| 440 |
|
|
|a Siri novel sejarah Melayu
|
| 650 |
|
0 |
|a Malay history
|x Juvenile literature
|
| 999 |
|
|
|a 0001235376
|b Book
|c Children Collection
|e Cawangan Mersing
|
| 999 |
|
|
|a 0001235377
|b Book
|c Children Collection
|e Cawangan Segamat
|
| 999 |
|
|
|a 0001235378
|b Book
|c Children Collection
|e Cawangan Bandar Penawar
|
| 999 |
|
|
|a 0001235379
|b Book
|c Children Collection
|e Cawangan Taman Sri Lambak
|
| 999 |
|
|
|a 0001235386
|b Book
|c Children Collection
|e Cawangan Pontian
|
| 999 |
|
|
|a 0001239139
|b Book
|c Children Collection
|e Perbadanan Perpustakaan Awam Johor
|
| 999 |
|
|
|a 0001239140
|b Book
|c Children Collection
|e Perbadanan Perpustakaan Awam Johor
|